000 00640nam a2200241Ia 4500
005 20260429112115.0
008 260429s9999||||xx |||||||||||||| ||und||
020 _a9781319583651
041 _aEnglish
082 _a540
_bEHI
100 _aEhite, Jessica
245 0 _aInteractive general, organic, and biological chemistry /
_cJessica Ehite
250 _a1st ed.
260 _aAustin :
_bMacmillan Learning,
_c2025.
300 _axxvi, 850 p.; pbk
650 _a Biological
650 _a Organic
650 _aChemistry
700 _a DeWitt, tyler
700 _a Green, Brandon
700 _a Hall, Mildred
942 _cTB
999 _c52383
_d52383